|
|
|
|
| LEADER |
00000nam0a2200000 4500 |
| 001 |
126990 |
| 005 |
20231031132050.0 |
| 010 |
|
|
|a 9785721809408
|
| 035 |
|
|
|a (RuTPU)RU\TPU\book\137372
|
| 090 |
|
|
|a 126990
|
| 100 |
|
|
|a 20071206d2007 km y0rusy50 ca
|
| 101 |
0 |
|
|a rus
|
| 102 |
|
|
|a RU
|
| 105 |
|
|
|a a z 000zy
|
| 200 |
1 |
|
|a Индикаторы науки. 2007
|e статистический сборник
|f Высшая школа экономики (ГУ-ВШЭ)
|
| 210 |
|
|
|a Москва
|c ГУ ВШЭ
|d 2007
|
| 215 |
|
|
|a 344 с.
|c ил.
|
| 330 |
|
|
|a Предлагаемый статистический сборник, подготовленный в рамках Инновационной образовательной программы ГУ-ВШЭ «Формирование системы аналитических компетенций для инноваций в бизнесе и государственном управлении», продолжает серию публикаций, посвященных различным аспектам развития науки и инноваций в Российской Федерации. Приводятся статистические данные о составе организаций, выполняющих исследования и разработки, кадрах и финансировании науки, ее материально-технической базе. В отдельных разделах содержатся сведения об интеллектуальной собственности, коммерциализации и использовании технологий, инновационной деятельности, общественном восприятии науки; представлены данные международных сопоставлений. В сборнике использованы сведения Федеральной службы государственной статистики, Министерства образования и науки Российской Федерации, Федеральной службы по надзору в сфере образования и науки, Федеральной службы по интеллектуальной собственности, патентам и товарным знакам, Организации экономического сотрудничества и развития, Европейской Комиссии, Евростата, Всемирной организации интеллектуальной собственности, Национального научного фонда США, а также собственные методологические и аналитические разработки Института статистических исследований и экономики знаний Государственного университета - Высшей школы экономики. В ряде случаев данные по отдельным показателям уточняют ранее опубликованные.
|
| 610 |
1 |
|
|a наука
|
| 610 |
1 |
|
|a научные организации
|
| 610 |
1 |
|
|a научно-исследовательские работы
|
| 610 |
1 |
|
|a научные работы
|
| 610 |
1 |
|
|a научные кадры
|
| 610 |
1 |
|
|a подготовка
|
| 610 |
1 |
|
|a финансирование
|
| 610 |
1 |
|
|a материально-техническая база
|
| 610 |
1 |
|
|a инновации
|
| 610 |
1 |
|
|a государственный сектор
|
| 610 |
1 |
|
|a академическая наука
|
| 610 |
1 |
|
|a высшее образование
|
| 610 |
1 |
|
|a предпринимательская деятельность
|
| 610 |
1 |
|
|a статистика
|
| 610 |
1 |
|
|a статистические показатели
|
| 686 |
|
|
|a Ч21(2)-05
|v LBC/SL-A
|2 rubbk
|
| 712 |
0 |
2 |
|a Высшая школа экономики (ГУ-ВШЭ)
|c Государственный университет
|c (Москва)
|2 stltpush
|3 (RuTPU)RU\TPU\col\15
|
| 801 |
|
1 |
|a RU
|b 63413507
|c 20071206
|g PSBO
|
| 801 |
|
2 |
|a RU
|b 63413507
|c 20110226
|g PSBO
|
| 942 |
|
|
|c BK
|
| 959 |
|
|
|a 91/20071206
|d 1
|e 495,00
|f ЧЗСБО:1
|